| 000 | 00553nam a2200193Ia 4500 | ||
|---|---|---|---|
| 005 | 20250326145019.0 | ||
| 008 | 250326s9999 xx 000 0 und d | ||
| 020 | _a978-1-4088-0061-4 | ||
| 037 | _aTextbook | ||
| 040 |
_aFMSL _beng _cFMSL |
||
| 041 |
_aeng _2eng |
||
| 084 |
_aU8.2 P9 _qFMSL |
||
| 100 | _aDalrymple William | ||
| 245 | 0 |
_aNine Lives: in search of the sacred in modern India _cDalrymple William |
|
| 260 |
_aLondon _bLondon, Bloomsbury _c1987 |
||
| 300 | _axvi,284 | ||
| 942 |
_cTB _hU8.2 P9 |
||
| 999 |
_c1306037 _d1306037 |
||